<?xml version="1.0" encoding="UTF-8"?>
<collection xmlns:xsi="http://www.w3.org/2001/XMLSchema-instance" xsi:schemaLocation="http://www.loc.gov/MARC21/slim http://www.loc.gov/standards/marcxml/schema/MARC21slim.xsd" xmlns="http://www.loc.gov/MARC21/slim">
 <record>
  <leader>00000nam a22000004a 4500</leader>
  <controlfield tag="001">UP-1686042739784970573</controlfield>
  <controlfield tag="003">Buklod</controlfield>
  <controlfield tag="005">20240510134732.0</controlfield>
  <controlfield tag="006">m    |o  d |      </controlfield>
  <controlfield tag="007">ta</controlfield>
  <controlfield tag="008">240510s2023    ph b   fr     000 0deng|d</controlfield>
  <datafield tag="020" ind1=" " ind2=" ">
   <subfield code="a">9786210221336 (hardbound)</subfield>
  </datafield>
  <datafield tag="040" ind1="0" ind2=" ">
   <subfield code="a">DLAW</subfield>
   <subfield code="e">rda</subfield>
  </datafield>
  <datafield tag="041" ind1="0" ind2=" ">
   <subfield code="a">eng</subfield>
  </datafield>
  <datafield tag="090" ind1="0" ind2="0">
   <subfield code="a">HD 3872 P6</subfield>
   <subfield code="b">M66 2023</subfield>
  </datafield>
  <datafield tag="100" ind1="0" ind2=" ">
   <subfield code="a">Montemayor, Jose C. </subfield>
   <subfield code="c">Jr.</subfield>
   <subfield code="e">author</subfield>
  </datafield>
  <datafield tag="245" ind1="1" ind2="0">
   <subfield code="a">Public-private partnership (PPP)</subfield>
   <subfield code="b">law, implementing rules, regulations, and applications: National and international perspectives</subfield>
   <subfield code="c">Jose C. Montemayor, Jr. </subfield>
  </datafield>
  <datafield tag="250" ind1=" " ind2=" ">
   <subfield code="a">2023 edition.</subfield>
  </datafield>
  <datafield tag="264" ind1=" " ind2="4">
   <subfield code="a">Quezon City</subfield>
   <subfield code="b">Central Book Supply, Inc.</subfield>
   <subfield code="c">2023</subfield>
  </datafield>
  <datafield tag="300" ind1=" " ind2=" ">
   <subfield code="a">xv, 393 pages</subfield>
   <subfield code="c">24 cm</subfield>
  </datafield>
  <datafield tag="336" ind1=" " ind2=" ">
   <subfield code="a">text</subfield>
   <subfield code="2">rdacontent</subfield>
  </datafield>
  <datafield tag="337" ind1=" " ind2=" ">
   <subfield code="a">unmediated</subfield>
   <subfield code="2">rdamedia</subfield>
  </datafield>
  <datafield tag="338" ind1=" " ind2=" ">
   <subfield code="a">volume</subfield>
   <subfield code="2">rdacarrier</subfield>
  </datafield>
  <datafield tag="505" ind1="0" ind2=" ">
   <subfield code="a">Public-private partnership-- public-private partnership (PPPs): definition, how they work-- Asian Development Bank-- Chapter 1. Public-private partnership (PPPs)--An overview-- Chapter 2. Recent experience with infrastructure privatization and PPPs-- Chapter 3. Structuring a PPP: sector diagnostic and sector road map-- Chapter 4. Structuring a PPP: available PPP options-- Chapter 5. Structuring a PPP: selecting the option-- PPP preparatory work-- Chapter 7. Implementing PPPs-- Chapter 8. specific pro-poor activities in PPPs-- Chapter 9. Framework for measuring, monitoring, and reporting on results-- Chapter 10. resources and tools-- About the Asian Development Bank-- existing situation in Metro Manila and nearby areas-- list of public-private partnership (PPP) projects-- DPWH projects-- toll regulatory board (TRB) projects-- revised implementing rules and regulations of R.A. no. 6957</subfield>
  </datafield>
  <datafield tag="650" ind1=" " ind2="0">
   <subfield code="a">Public-private sector cooperation</subfield>
   <subfield code="z">Philippines.</subfield>
  </datafield>
  <datafield tag="905" ind1=" " ind2=" ">
   <subfield code="a">FI</subfield>
  </datafield>
  <datafield tag="852" ind1="0" ind2=" ">
   <subfield code="a">UPD</subfield>
   <subfield code="b">DLAW</subfield>
   <subfield code="h">HD 3872 P6</subfield>
   <subfield code="i">M66 2023</subfield>
  </datafield>
  <datafield tag="942" ind1=" " ind2=" ">
   <subfield code="a">Book</subfield>
  </datafield>
 </record>
</collection>
